Normal view
MARC view
- تأليف NEIL R.CARLSON؛ ترجمة وتعريب فيصل محمد خير الزراد
Entry Personal Name
001 - CONTROL NUMBER
- control field: 60632
003 - CONTROL NUMBER IDENTIFIER
- control field: JO-AjAnu
005 - DATE AND TIME OF LATEST TRANSACTION
- control field: 20230606083917.0
008 - FIXED-LENGTH DATA ELEMENTS
- fixed length control field: 230606|| aca||aabn | a|a d
040 ## - CATALOGING SOURCE
- Original cataloging agency: JO-AjAnu
- Transcribing agency: JO-AjAnu
100 ## - HEADING--PERSONAL NAME
- Personal name: تأليف NEIL R.CARLSON؛ ترجمة وتعريب فيصل محمد خير الزراد
670 ## - SOURCE DATA FOUND
- Source citation: Work cat.: (JO-AjAnu)30920: تأليف NEIL R.CARLSON؛ ترجمة وتعريب فيصل محمد خير الزراد, author, فيزيولوجيا السلوك=Pysiology of Behavior